Giáo trình môi trường và con người

Trình bày một số khái niệm và chức năng của môi trường. Các nguyên lý sinh thái áp dụng trong khoa học môi trường. Các vấn đề dân số và môi trường. Nhu cầu và các hoạt động đáp ứng nhu cầu của con người với môi trường, tài nguyên thie...

Täydet tiedot

Tallennettuna:
Bibliografiset tiedot
Päätekijä: Nguyễn, Xuân Cự
Aineistotyyppi: Kirja
Kieli:Undetermined
Julkaistu: Hà Nội Giáo dục Việt Nam 2014
Aiheet:
Tagit: Lisää tagi
Ei tageja, Lisää ensimmäinen tagi!
Thư viện lưu trữ: Trung tâm Học liệu Trường Đại học Cần Thơ
LEADER 01180nam a2200205Ia 4500
001 CTU_207444
008 210402s9999 xx 000 0 und d
020 |c 47000 
082 |a 363.7 
082 |b C550 
100 |a Nguyễn, Xuân Cự 
245 0 |a Giáo trình môi trường và con người 
245 0 |c Nguyễn Xuân Cự, Nguyễn Thị Phương Loan 
260 |a Hà Nội 
260 |b Giáo dục Việt Nam 
260 |c 2014 
520 |a Trình bày một số khái niệm và chức năng của môi trường. Các nguyên lý sinh thái áp dụng trong khoa học môi trường. Các vấn đề dân số và môi trường. Nhu cầu và các hoạt động đáp ứng nhu cầu của con người với môi trường, tài nguyên thiên nhiên, ô nhiễm môi trường, bảo vệ môi trường và phát triển bền vững 
650 |a Environmental sciences,Environmental education,Khoa học môi trường,Giáo dục môi trường 
904 |i Qhieu 
980 |a Trung tâm Học liệu Trường Đại học Cần Thơ